000
00333 a2200109 4500
001
ART_11164
005
20260410161855.0
008
260409a
245
1
0
_a
La política económica durante el conflicto Austral
100
1
_a
Alemann, Roberto T.
773
0
_t
Revista de Economía
_g
- Nº 35 (dic. 1982)
_w
REV11077
999
_c
25370
_d
25370